Discrete mathematical structures. (Record no. 176876)
[ view plain ]
| 000 -LEADER | |
|---|---|
| fixed length control field | 01065 a2200241 4500 |
| 003 - CONTROL NUMBER IDENTIFIER | |
| control field | Nust |
| 005 - DATE AND TIME OF LATEST TRANSACTION | |
| control field | 20221108125801.0 |
| 010 ## - LIBRARY OF CONGRESS CONTROL NUMBER | |
| LC control number | 95009049 |
| 020 ## - INTERNATIONAL STANDARD BOOK NUMBER | |
| International Standard Book Number | 0133209121 (alk. paper) |
| 040 ## - CATALOGING SOURCE | |
| Transcribing agency | Nust |
| 082 00 - DEWEY DECIMAL CLASSIFICATION NUMBER | |
| Classification number | 511.KOL |
| 100 1# - MAIN ENTRY--PERSONAL NAME | |
| Personal name | Kolman, Bernard, |
| 9 (RLIN) | 38800 |
| 245 10 - TITLE STATEMENT | |
| Title | Discrete mathematical structures. |
| Statement of responsibility, etc. | Bernard Kolman, Robert C. Busby & Sharon Ross. |
| 250 ## - EDITION STATEMENT | |
| Edition statement | 5th ed. |
| 260 ## - PUBLICATION, DISTRIBUTION, ETC. | |
| Place of publication, distribution, etc. | Upper Saddle River, N.J. : |
| Name of publisher, distributor, etc. | Prentice Hall, |
| Date of publication, distribution, etc. | c1996. |
| 300 ## - PHYSICAL DESCRIPTION | |
| Extent | xvii, 524 p. : |
| Other physical details | col. ill. ; |
| Dimensions | 25 cm. |
| 505 ## - FORMATTED CONTENTS NOTE | |
| Formatted contents note | Fundamentals (Page-1), Logic (Page-50), Counting (Page-78), Relations and Digraphs (Page-110), Functions (Page-168), Order Relations and Structures (Page-200), Trees (Page-254), Topics in Graph Theory (Page-290), Semigroups and Groups (Page-329),Languages and Finite-State Machines (Page-372), Groups and Coding (Page-416). |
| 650 #0 - SUBJECT ADDED ENTRY--TOPICAL TERM | |
| Topical term or geographic name entry element | Computer science |
| General subdivision | Mathematics. |
| 9 (RLIN) | 17957 |
| 700 1# - ADDED ENTRY--PERSONAL NAME | |
| Personal name | Busby, Robert C. |
| 9 (RLIN) | 39077 |
| 700 1# - ADDED ENTRY--PERSONAL NAME | |
| Personal name | Kolman, Bernard, |
| Dates associated with a name | 1932- |
| 9 (RLIN) | 17978 |
| 700 1# - ADDED ENTRY--PERSONAL NAME | |
| Personal name | Ross, Sharon Cutler, |
| Dates associated with a name | 1943- |
| 9 (RLIN) | 95721 |
| 942 ## - ADDED ENTRY ELEMENTS (KOHA) | |
| Source of classification or shelving scheme | |
| Koha item type | Book |
| Call number prefix | 511.KOL |
| Withdrawn status | Lost status | Source of classification or shelving scheme | Damaged status | Not for loan | Permanent Location | Current Location | Shelving location | Date acquired | Full call number | Barcode | Date last seen | Price effective from | Koha item type | Public note |
|---|---|---|---|---|---|---|---|---|---|---|---|---|---|---|
| Military College of Signals (MCS) | Military College of Signals (MCS) | General Stacks | 12/12/2016 | 511.6,KOL | MCS31685 | 12/08/2016 | 12/12/2016 | Book | Almirah No.71, Shelf No.2 | |||||
| Military College of Signals (MCS) | Military College of Signals (MCS) | General Stacks | 12/12/2016 | 511.6,KOL | MCS32525 | 12/08/2016 | 12/12/2016 | Book | Almirah No.10, Shelf No.4 |
